[Event "Bangkok Big Rook op"]
[Site "Bangkok"]
[Date "2024.02.24"]
[Round "2"]
[White "Hambly, David J"]
[Black "Jurkina, Yulia"]
[Result "0-1"]
[WhiteElo "1567"]
[BlackElo "1887"]
[PlyCount "80"]
[EventDate "2024.02.23"]
[EventType "swiss"]
[EventRounds "7"]
[EventCountry "THA"]
[SourceTitle "CB10_2024"]
[SourceDate "2024.03.06"]
[SourceVersion "1"]
[SourceVersionDate "2024.03.06"]
[SourceQuality "1"]

1. d4 Nf6 2. Nf3 e6 3. Bg5 c5 4. e3 Qb6 5. Qc1 Ne4 6. Bf4 Nc6 7. c3 Be7 8. Bd3 d5 9. Qc2 f5 10. Ne5 Nxe5 11. Bxe5 0-0 12. f3 Nf6 13. Nd2 Bd6 14. Bxf6 Rxf6 15. f4 Bd7 16. 0-0 Qc7 17. Qd1 b5 18. Nf3 a5 19. Ne5 Be8 20. Kh1 c4 21. Be2 b4 22. g4 fxg4 23. Bxg4 Bxe5 24. fxe5 Rh6 25. Qe1 Qe7 26. Rf4 g5 27. Rf2 Bg6 28. Bf3 Rf8 29. Bg2 Bf5 30. cxb4 axb4 31. Qf1 g4 32. Bxd5 g3 33. Rxf5 Rxh2+ 34. Kg1 exd5 35. Rxf8+ Qxf8 36. Qxf8+ Kxf8 37. a4 bxa3 38. bxa3 c3 39. a4 c2 40. a5 Rd2 0-1

[Event "Penang op 15th"]
[Site "Penang"]
[Date "2023.12.21"]
[Round "7"]
[White "Jurkina, Yulia"]
[Black "Cairel Adrin, Rumi Arjuna Malique"]
[Result "1-0"]
[WhiteElo "1891"]
[BlackElo "1570"]
[PlyCount "119"]
[EventDate "2023.12.18"]
[EventType "swiss"]
[EventRounds "9"]
[EventCountry "MAS"]
[SourceTitle "CB52_2023"]
[SourceDate "2023.12.27"]
[SourceVersion "1"]
[SourceVersionDate "2023.12.27"]
[SourceQuality "1"]

1. e4 e5 2. Nf3 Nc6 3. Nc3 Nf6 4. d4 exd4 5. Nxd4 Bb4 6. Nxc6 bxc6 7. Bd3 d5 8. exd5 cxd5 9. 0-0 0-0 10. Bg5 Be6 11. Qf3 Bd6 12. Rae1 Re8 13. h3 h6 14. Bxf6 Qxf6 15. Qxf6 gxf6 16. Nb5 Red8 17. Nd4 Bd7 18. Nf5 Bxf5 19. Bxf5 Rab8 20. b3 a5 21. Re3 a4 22. Rd1 axb3 23. axb3 d4 24. Re4 c5 25. Rg4+ Kf8 26. Bh7 Re8 27. Rg8+ Ke7 28. Re1+ Kd7 29. Bf5+ Re6 30. Bxe6+ fxe6 31. Rxb8 Bxb8 32. Ra1 Kc6 33. Ra6+ Kd5 34. Kf1 f5 35. Ke2 Be5 36. Ra7 Bf4 37. g3 Bc1 38. Rh7 e5 39. Kd1 Ba3 40. Rxh6 Ke4 41. Ke2 Kd5 42. Rf6 f4 43. gxf4 exf4 44. Rxf4 Bc1 45. Rf5+ Kd6 46. Kd3 Ba3 47. Ke4 Bb4 48. h4 Be1 49. h5 Bd2 50. Rxc5 Ke6 51. Kxd4 Bb4 52. Rb5 Bf8 53. c4 Bg7+ 54. Ke4 Bf8 55. Rb6+ Kf7 56. Kf5 Bc5 57. Rb7+ Kg8 58. Kg6 Bf8 59. Rb8 Kh8 60. Rxf8# 1-0

[Event "Penang op 15th"]
[Site "Penang"]
[Date "2023.12.19"]
[Round "3"]
[White "Jurkina, Yulia"]
[Black "Siddharth, Sai"]
[Result "1-0"]
[WhiteElo "1891"]
[BlackElo "1603"]
[PlyCount "119"]
[EventDate "2023.12.18"]
[EventType "swiss"]
[EventRounds "9"]
[EventCountry "MAS"]
[SourceTitle "CB52_2023"]
[SourceDate "2023.12.27"]
[SourceVersion "1"]
[SourceVersionDate "2023.12.27"]
[SourceQuality "1"]

1. e4 c5 2. d4 cxd4 3. c3 dxc3 4. Nxc3 Nc6 5. Nf3 e6 6. Bc4 a6 7. 0-0 Nge7 8. Bg5 f6 9. Be3 b5 10. Bb3 Ng6 11. Nd5 Rb8 12. Rc1 Be7 13. Nxe7 Ngxe7 14. Qd6 0-0 15. Rfd1 Kh8 16. Bc5 Qa5 17. Qg3 Ra8 18. Bd6 Re8 19. a3 Ra7 20. h4 f5 21. e5 Bb7 22. Bc5 Bc8 23. Bxa7 Nxa7 24. Ng5 Rf8 25. Qd3 Nac6 26. h5 f4 27. Qe4 Rf5 28. Nf3 Rxh5 29. Qxf4 Rf5 30. Qe4 Qb6 31. Rd6 Qa7 32. Rcxc6 Nxc6 33. Qxc6 Rf8 34. Qc3 a5 35. a4 b4 36. Qd4 Qc7 37. Qc4 Qa7 38. Rd1 Ba6 39. Qd4 Qa8 40. Bc4 Bb7 41. Be2 Bc6 42. b3 Bd5 43. Qe3 Qb7 44. Rc1 Rc8 45. Rc5 Ra8 46. Qd3 Bc6 47. Qd6 Re8 48. Qd4 Ra8 49. Ne1 Qb6 50. Bf3 Bxf3 51. Nxf3 Qa7 52. Qc4 h6 53. Rc7 Qb6 54. Rxd7 Rf8 55. Rd6 Qb7 56. Rxe6 Rxf3 57. gxf3 Qxf3 58. Re8+ Kh7 59. Qc2+ g6 60. Qc7+ 1-0

[Event "Penang op 15th"]
[Site "Penang"]
[Date "2023.12.19"]
[Round "4"]
[White "Tan, Yi Xun"]
[Black "Jurkina, Yulia"]
[Result "1-0"]
[WhiteElo "1714"]
[BlackElo "1891"]
[PlyCount "61"]
[EventDate "2023.12.18"]
[EventType "swiss"]
[EventRounds "9"]
[EventCountry "MAS"]
[SourceTitle "CB52_2023"]
[SourceDate "2023.12.27"]
[SourceVersion "1"]
[SourceVersionDate "2023.12.27"]
[SourceQuality "1"]

1. d4 Nf6 2. c4 e6 3. g3 Bb4+ 4. Nd2 d5 5. Bg2 0-0 6. Ngf3 c6 7. 0-0 Nbd7 8. Qc2 Re8 9. e4 dxe4 10. Nxe4 h6 11. Rd1 Be7 12. Bf4 Nxe4 13. Qxe4 Qb6 14. Qc2 Nf6 15. Ne5 Bd7 16. b4 a5 17. b5 cxb5 18. c5 Qa7 19. Rab1 b4 20. a3 Bb5 21. axb4 a4 22. Nc4 Bxc4 23. Qxc4 Red8 24. Bc7 Rdc8 25. b5 Nd5 26. b6 Qa6 27. Qxa6 Rxa6 28. Bxd5 exd5 29. c6 Rxc7 30. bxc7 Rxc6 31. Rdc1 1-0

[Event "Penang op 15th"]
[Site "Penang"]
[Date "2023.12.18"]
[Round "1"]
[White "Jurkina, Yulia"]
[Black "Aryan, Mehta1"]
[Result "1-0"]
[WhiteElo "1891"]
[BlackElo "1377"]
[PlyCount "67"]
[EventDate "2023.12.18"]
[EventType "swiss"]
[EventRounds "9"]
[EventCountry "MAS"]
[SourceTitle "CB52_2023"]
[SourceDate "2023.12.27"]
[SourceVersion "1"]
[SourceVersionDate "2023.12.27"]
[SourceQuality "1"]

1. e4 c6 2. d4 d5 3. e5 Bf5 4. h4 c5 5. dxc5 Nc6 6. Bb5 Bd7 7. Bxc6 bxc6 8. b4 Qb8 9. Qd4 e6 10. h5 a5 11. c3 Bc8 12. a3 Ba6 13. Ne2 Ne7 14. g4 Qb5 15. Qe3 a4 16. Nd4 Qb7 17. f4 Qd7 18. Kf2 Rg8 19. Kg3 Bc8 20. Nd2 f5 21. gxf5 Nxf5+ 22. Nxf5 exf5 23. Nf3 g6 24. Kf2 gxh5 25. Nd4 Qg7 26. Qh3 Kd7 27. Be3 Kc7 28. Rag1 Qf7 29. Rxg8 Qxg8 30. Qxh5 h6 31. Rg1 Qh7 32. Qe8 Qe7 33. Qxc6+ Kb8 34. Qb6+ 1-0

[Event "Bangkok Rooky op"]
[Site "Bangkok"]
[Date "2023.10.23"]
[Round "7"]
[White "Jurkina, Yulia"]
[Black "Chiravanich, Pathee"]
[Result "1-0"]
[WhiteElo "1925"]
[BlackElo "1592"]
[PlyCount "127"]
[EventDate "2023.10.20"]
[EventType "swiss"]
[EventRounds "7"]
[EventCountry "THA"]
[SourceTitle "Mega2024 Update 01"]
[Source "Chessbase"]
[SourceDate "2023.11.12"]
[SourceVersion "1"]
[SourceVersionDate "2023.11.12"]
[SourceQuality "1"]

1. e4 e5 2. Nf3 Nc6 3. Nc3 Be7 4. d4 exd4 5. Nxd4 d6 6. Be2 Nf6 7. Bf4 Bd7 8. Qd2 a6 9. 0-0-0 b5 10. f3 b4 11. Nxc6 Bxc6 12. Nd5 Bxd5 13. exd5 a5 14. g4 Rb8 15. g5 Nd7 16. Be3 a4 17. h4 b3 18. cxb3 axb3 19. a3 Qc8 20. Qc3 f6 21. f4 Nc5 22. Bh5+ Kd8 23. Rhe1 Qf5 24. Be2 Re8 25. Bc4 fxg5 26. fxg5 h6 27. Bxc5 dxc5 28. Bd3 Qf2 29. Bg6 Rf8 30. Qxg7 Bd6 31. Rf1 Qe3+ 32. Kb1 Rxf1 33. Rxf1 Kc8 34. Qg8+ Kb7 35. Qe6 Qd2 36. Qe1 Rf8 37. Qd1 Rxf1 38. Qxf1 c4 39. Qxc4 Qd1+ 40. Qc1 Qxc1+ 41. Kxc1 Bf4+ 42. Kb1 hxg5 43. hxg5 Bxg5 44. Be8 Kb6 45. Ba4 Kc5 46. Bxb3 Bf6 47. Kc2 Kb5 48. Ba2 Ka4 49. Bc4 Be7 50. Be2 Bd6 51. Bg4 Kb5 52. Kc3 Be5+ 53. Kc2 Bd6 54. Bd7+ Kc4 55. Bc6 Bc5 56. b3+ Kd4 57. b4 Ba7 58. Kb3 Ke5 59. Kc4 Kd6 60. Kb5 Ke7 61. Ka6 Bd4 62. Kb7 Kd8 63. a4 Bc3 64. a5 1-0

[Event "Bangkok Rooky op"]
[Site "Bangkok"]
[Date "2023.10.22"]
[Round "4"]
[White "Jurkina, Yulia"]
[Black "Stokke, Kjetil"]
[Result "0-1"]
[WhiteElo "1925"]
[BlackElo "2307"]
[PlyCount "146"]
[EventDate "2023.10.20"]
[EventType "swiss"]
[EventRounds "7"]
[EventCountry "THA"]
[SourceTitle "Mega2024 Update 01"]
[Source "Chessbase"]
[SourceDate "2023.11.12"]
[SourceVersion "1"]
[SourceVersionDate "2023.11.12"]
[SourceQuality "1"]

1. e4 c5 2. d4 cxd4 3. c3 dxc3 4. Nxc3 g6 5. Nf3 Bg7 6. Bc4 Nc6 7. e5 Nh6 8. 0-0 0-0 9. Bf4 d6 10. exd6 exd6 11. Bxd6 Re8 12. h3 Nf5 13. Bf4 Nfd4 14. Ng5 Ne6 15. Qxd8 Ncxd8 16. Nxe6 Bxe6 17. Bb5 Nc6 18. Rfd1 Rec8 19. Na4 Nd4 20. Bd3 Bc4 21. Be3 Bxd3 22. Rxd3 Nc2 23. Rb1 Nxe3 24. Rxe3 Rc2 25. Nc3 Rd8 26. Re7 Bd4 27. Re2 Rxe2 28. Nxe2 Be5 29. f4 Rd2 30. fxe5 Rxe2 31. Rc1 Rxb2 32. Rc7 h5 33. a4 a5 34. Kh2 Rb3 35. Rc8+ Kg7 36. Ra8 b6 37. Ra7 Re3 38. Rb7 Rxe5 39. Rxb6 Re4 40. Ra6 Rxa4 41. Ra7 h4 42. Ra6 g5 43. Ra7 Kg6 44. Ra6+ f6 45. Ra8 Kf5 46. Ra6 Ke5 47. Ra8 f5 48. Rg8 Kf4 49. Ra8 Ra2 50. Rc8 g4 51. hxg4 fxg4 52. Rf8+ Ke5 53. Re8+ Kd5 54. Rg8 Ra4 55. Rh8 Ke6 56. Re8+ Kf5 57. Rh8 Kg5 58. Rh7 Rb4 59. Rh8 a4 60. Rg8+ Kf4 61. Ra8 Ke3 62. Ra7 Kd3 63. Ra8 Kc3 64. Ra7 Kb3 65. g3 h3 66. Re7 a3 67. Re3+ Ka4 68. Re1 a2 69. Ra1 Rb2+ 70. Kh1 Kb3 71. Re1 Rc2 72. Rd1 Kb2 73. Re1 a1Q 0-1

[Event "Samara Polugaevsky Memorial 2nd"]
[Site "Samara"]
[Date "2012.07.12"]
[Round "8"]
[White "Alieva, Viktoria"]
[Black "Jurkina, Yulia"]
[Result "0-1"]
[WhiteElo "1443"]
[BlackElo "1999"]
[PlyCount "76"]
[EventDate "2012.07.05"]
[EventType "swiss"]
[EventRounds "9"]
[EventCountry "RUS"]
[SourceTitle "CBM 149 Extra"]
[Source "ChessBase"]
[SourceDate "2012.08.24"]
[SourceVersion "1"]
[SourceVersionDate "2012.08.24"]
[SourceQuality "1"]

1. e4 e5 2. Nf3 Nf6 3. Nc3 Nc6 4. d4 exd4 5. Nxd4 d6 6. Be3 Be7 7. Bb5 Bd7 8. Nf5 0-0 9. 0-0 Bxf5 10. exf5 a6 11. Bxc6 bxc6 12. Qf3 d5 13. Rad1 Rb8 14. b3 Qd7 15. Kh1 Rfe8 16. g4 Bb4 17. Bd4 Bxc3 18. Bxc3 Ne4 19. Ba1 Qe7 20. Rfe1 Qb4 21. c3 Qc5 22. Kg2 f6 23. c4 Rbd8 24. Rc1 Qa5 25. Re2 Rd7 26. Rce1 Red8 27. Qe3 Qc5 28. Bd4 Qb4 29. f3 dxc4 30. Qxe4 Rxd4 31. Qxc6 h6 32. Re8+ Kh7 33. Qxc7 Rxe8 34. Rxe8 Qd2+ 35. Kg3 Qc1 36. Qf7 Qf4+ 37. Kg2 Rd2+ 38. Kf1 Qxf3+ 0-1

[Event "Samara Polugaevsky Memorial 2nd"]
[Site "Samara"]
[Date "2012.07.08"]
[Round "4"]
[White "Zhurikhin, Alexander"]
[Black "Jurkina, Yulia"]
[Result "1-0"]
[WhiteElo "2240"]
[BlackElo "1999"]
[PlyCount "93"]
[EventDate "2012.07.05"]
[EventType "swiss"]
[EventRounds "9"]
[EventCountry "RUS"]
[SourceTitle "CBM 149 Extra"]
[Source "ChessBase"]
[SourceDate "2012.08.24"]
[SourceVersion "1"]
[SourceVersionDate "2012.08.24"]
[SourceQuality "1"]

1. e4 d5 2. exd5 Nf6 3. d4 Nxd5 4. c4 Nb6 5. Nf3 g6 6. c5 Nd5 7. Bc4 Bg7 8. 0-0 c6 9. Nc3 Be6 10. Qb3 Nxc3 11. bxc3 Bxc4 12. Qxc4 0-0 13. Re1 Nd7 14. Rb1 b6 15. cxb6 axb6 16. Qxc6 Rxa2 17. Bg5 Re8 18. Re3 Bf6 19. Rbe1 Bxg5 20. Nxg5 Ra5 21. h4 Rf5 22. Qd6 e6 23. g4 Ra5 24. Rf3 Qe7 25. Nxf7 Qxd6 26. Nxd6 Re7 27. Rfe3 Nf6 28. g5 Nd5 29. Rf3 Ra3 30. Ne4 Rc7 31. Nf6+ Nxf6 32. Rxf6 Raxc3 33. Rexe6 Rd3 34. Rd6 b5 35. Kf1 Rc4 36. Rd8+ Kg7 37. Rd7+ Kg8 38. Rb6 Rc8 39. Rxb5 Rh3 40. d5 Rxh4 41. d6 Rf4 42. Rbb7 Rc1+ 43. Kg2 Rc2 44. Rd8+ Rf8 45. Rxf8+ Kxf8 46. Rb8+ Kf7 47. d7 1-0

[Event "Samara Polugaevsky Memorial 1st"]
[Site "Samara"]
[Date "2011.07.07"]
[Round "3"]
[White "Purygin, Andrei"]
[Black "Jurkina, Yulia"]
[Result "1-0"]
[WhiteElo "2278"]
[BlackElo "2014"]
[PlyCount "37"]
[EventDate "2011.07.05"]
[EventType "swiss"]
[EventRounds "9"]
[EventCountry "RUS"]
[SourceTitle "CBM 143 Extra"]
[Source "ChessBase"]
[SourceDate "2011.08.29"]
[SourceVersion "1"]
[SourceVersionDate "2011.08.29"]
[SourceQuality "1"]

1. e4 d5 2. exd5 Nf6 3. d4 Nxd5 4. Nf3 g6 5. c4 Nb6 6. Nc3 Bg7 7. Be3 0-0 8. Ne5 Be6 9. Qf3 Bxe5 10. dxe5 Nc6 11. Rd1 Qc8 12. Qe4 Bf5 13. Qh4 Qe6 14. c5 Nd7 15. f4 Nb4 16. Kf2 Rad8 17. b3 Rfe8 18. Bc4 Qc6 19. e6 1-0

[Event "Samara-ch"]
[Site "Samara"]
[Date "2010.04.26"]
[Round "6"]
[White "Malyshev, Vasily"]
[Black "Jurkina, Yulia"]
[Result "1/2-1/2"]
[WhiteElo "2024"]
[BlackElo "1983"]
[PlyCount "57"]
[EventDate "2010.04.21"]
[EventType "swiss"]
[EventRounds "9"]
[EventCountry "RUS"]
[SourceTitle "EXT 2012"]
[Source "ChessBase"]
[SourceDate "2011.11.24"]
[SourceVersion "1"]
[SourceVersionDate "2011.11.24"]
[SourceQuality "1"]

1. e4 d5 2. exd5 Nf6 3. Bb5+ Bd7 4. Bc4 Bg4 5. f3 Bc8 6. Nc3 Nbd7 7. Qe2 Nb6 8. Bb3 Nbxd5 9. Nxd5 Nxd5 10. Qb5+ c6 11. Qc4 e5 12. d3 Be6 13. Qe4 Bd6 14. Bxd5 Bxd5 15. Qg4 Qf6 16. Ne2 h6 17. Ng3 Be6 18. Qe4 0-0-0 19. Qe3 Kb8 20. Ne4 Qh4+ 21. Qf2 Qxf2+ 22. Kxf2 Bc7 23. Be3 b6 24. g4 f5 25. gxf5 Bxf5 26. Rhg1 g5 27. Ke2 Rdf8 28. Rg3 Rf7 29. Rh1 1/2-1/2

[Event "Uljanovsk Privolje op"]
[Site "Uljanovsk"]
[Date "2009.01.31"]
[Round "1"]
[White "Ulanov, Alexandr"]
[Black "Jurkina, Yulia"]
[Result "0-1"]
[WhiteElo "2308"]
[BlackElo "1969"]
[PlyCount "126"]
[EventDate "2009.01.31"]
[EventType "swiss"]
[EventRounds "9"]
[EventCountry "RUS"]
[SourceTitle "EXT 2022"]
[Source "ChessBase"]
[SourceDate "2021.10.06"]
[SourceVersion "1"]
[SourceVersionDate "2021.10.06"]
[SourceQuality "1"]

1. e4 d5 2. exd5 Nf6 3. d4 Nxd5 4. Nf3 g6 5. c3 Bg7 6. Bc4 0-0 7. 0-0 Nc6 8. Re1 Nb6 9. Bb5 Bd7 10. Bg5 Re8 11. Nbd2 a6 12. Bf1 Bf5 13. Nb3 Rb8 14. a4 Qd5 15. Bf4 e5 16. Be3 exd4 17. Nbxd4 Rbd8 18. Nxf5 Qxf5 19. Qb1 Qxb1 20. Rexb1 Nd5 21. Bg5 Bf6 22. Bxf6 Nxf6 23. Ra3 Ne4 24. Re1 Kg7 25. Raa1 Nd2 26. Nxd2 Rxe1 27. Rxe1 Rxd2 28. b4 Kf6 29. h3 Ne5 30. f4 Nd3 31. Re4 Nf2 32. Re8 Nd1 33. c4 Rb2 34. b5 Nc3 35. Ra8 axb5 36. cxb5 Rb4 37. Ra7 Rxa4 38. Rxb7 Nd5 39. g3 Rb4 40. Bg2 Nc3 41. Bc6 h5 42. Kg2 Rb3 43. Kf2 Kg7 44. Ke1 Rb2 45. Rxc7 Rb1+ 46. Kd2 Nxb5 47. Rb7 Na3 48. Ra7 Nc4+ 49. Kc2 Rg1 50. Kc3 Nd6 51. Kd4 Rxg3 52. h4 Nf5+ 53. Kc5 Rg4 54. Bd5 Nh6 55. f5 gxf5 56. Kd6 Rxh4 57. Ke5 Rb4 58. Ra1 Kg6 59. Rg1+ Ng4+ 60. Kd6 f6 61. Ke7 Kg5 62. Be6 h4 63. Rf1 Rf4 0-1

[Event "Uljanovsk op"]
[Site "Uljanovsk"]
[Date "2008.02.05"]
[Round "7"]
[White "Sanatullin, Rinat"]
[Black "Jurkina, Yulia"]
[Result "1/2-1/2"]
[WhiteElo "2203"]
[BlackElo "1976"]
[PlyCount "107"]
[EventDate "2008.02.01"]
[EventType "swiss"]
[EventRounds "9"]
[EventCountry "RUS"]
[SourceTitle "EXT 2009"]
[Source "ChessBase"]
[SourceDate "2008.11.26"]
[SourceVersion "1"]
[SourceVersionDate "2008.11.26"]
[SourceQuality "1"]

1. d4 Nf6 2. c4 e6 3. Nf3 Bb4+ 4. Bd2 c5 5. Bxb4 cxb4 6. e3 0-0 7. Be2 d6 8. 0-0 Nc6 9. Qb3 a5 10. Rd1 Qe7 11. Nbd2 e5 12. d5 Nb8 13. a3 Na6 14. e4 Bg4 15. Qe3 Nd7 16. Ne1 Bxe2 17. Qxe2 b6 18. Nc2 bxa3 19. bxa3 Rfc8 20. Rab1 Rc7 21. Rb5 Rc5 22. Rb2 Rac8 23. Ne3 g6 24. Nb1 R5c7 25. Nc3 Nac5 26. h3 Qf8 27. Qf3 Kg7 28. g3 Qe7 29. Kg2 h5 30. Qe2 Qf6 31. Qc2 Rd8 32. h4 Qe7 33. Rf1 Re8 34. Qb1 Kg8 35. f3 Rb7 36. Rbf2 Rf8 37. Kh3 f6 38. g4 hxg4+ 39. fxg4 Kg7 40. Rh1 Rh8 41. Kg3 Kf8 42. Rfh2 Qg7 43. Rf2 Ke8 44. Rhh2 Qh6 45. Rf3 Nf8 46. Qc2 Rbh7 47. Qb1 Nfd7 48. Qc2 Qg7 49. Rff2 Qh6 50. Rf3 Qg7 51. Nb5 Qe7 52. Rff2 Kd8 53. Nc3 Qf8 54. Qd1 1/2-1/2

[Event "Uljanovsk op"]
[Site "Uljanovsk"]
[Date "2008.02.02"]
[Round "2"]
[White "Jurkina, Yulia"]
[Black "Nikolaeva Ball, Eleonora"]
[Result "1-0"]
[WhiteElo "1976"]
[BlackElo "1541"]
[PlyCount "63"]
[EventDate "2008.02.01"]
[EventType "swiss"]
[EventRounds "9"]
[EventCountry "RUS"]
[SourceTitle "EXT 2009"]
[Source "ChessBase"]
[SourceDate "2008.11.26"]
[SourceVersion "1"]
[SourceVersionDate "2008.11.26"]
[SourceQuality "1"]

1. e4 e5 2. Nf3 d6 3. d4 exd4 4. Nxd4 c5 5. Nf3 Bg4 6. Be2 Nc6 7. 0-0 g6 8. Bf4 Bxf3 9. Bxf3 Qf6 10. Qc1 Bg7 11. c3 Nge7 12. Rd1 Rd8 13. Na3 a6 14. Nc4 Nc8 15. Bg5 Qe6 16. Bxd8 Nxd8 17. Ne3 Bh6 18. h3 0-0 19. Bg4 Qxe4 20. Bxc8 Nc6 21. Bxb7 Rd8 22. Qc2 Qe8 23. Bxc6 Qxc6 24. Nd5 Kg7 25. c4 f6 26. Re1 Re8 27. Qc3 Re5 28. f4 Re8 29. Rxe8 Qxe8 30. Re1 Qf8 31. Re7+ Kg8 32. Nxf6+ 1-0

[Event "Samara Region-ch FL"]
[Site "Samara"]
[Date "2006.12.??"]
[Round "8"]
[White "Poludnyakov, Vladimir"]
[Black "Jurkina, Yulia"]
[Result "1/2-1/2"]
[WhiteElo "2209"]
[BlackElo "2002"]
[PlyCount "103"]
[EventDate "2006.12.07"]
[EventType "swiss"]
[EventRounds "9"]
[EventCountry "RUS"]
[SourceTitle "EXT 2019"]
[Source "ChessBase"]
[SourceDate "2018.10.10"]
[SourceVersion "1"]
[SourceVersionDate "2018.10.10"]
[SourceQuality "1"]

1. d4 Nf6 2. Nf3 e6 3. Bg5 c5 4. e3 Qb6 5. Qc1 Nc6 6. c3 d5 7. Bd3 Bd7 8. 0-0 Rc8 9. Nbd2 cxd4 10. exd4 Nb4 11. Be2 Be7 12. Qd1 Nc6 13. Qb3 h6 14. Qxb6 axb6 15. Bh4 Ne4 16. Bxe7 Nxd2 17. Nxd2 Kxe7 18. f4 Rhe8 19. Nf3 Na5 20. Ne5 Nc4 21. Bxc4 dxc4 22. Rae1 f6 23. Ng4 Kd6 24. Ne3 b5 25. a3 Rcd8 26. Kf2 Bc6 27. Nc2 e5 28. dxe5+ fxe5 29. fxe5+ Rxe5 30. Rxe5 Kxe5 31. Re1+ Kf6 32. Nd4 Re8 33. Rxe8 Bxe8 34. Ke3 Ke5 35. Nf3+ Kd5 36. Kf4 Bd7 37. h4 g6 38. g4 Be6 39. g5 h5 40. Nd4 Bd7 41. Nc2 Kd6 42. Ne3 Bc6 43. a4 bxa4 44. Nxc4+ Kd5 45. Ne3+ Kd6 46. Nf1 Bd5 47. Nd2 Ke6 48. Nf1 Bc6 49. Ne3 Kd6 50. Nc4+ Kd5 51. Nd2 Kd6 52. Nc4+ 1/2-1/2